Five largest metro systems per continent - Statistics

General Stats
  • This quiz has been taken 79 times
  • The average score is 28 of 35
Answer Stats
Hint City % Correct
816 Beijing
100%
402 London
100%
246 Paris
100%
399 New York City
98%
519 Moscow
97%
801 Shanghai
97%
57 Buenos Aires
95%
58 Rio de Janeiro
95%
350 Delhi
92%
294 Madrid
92%
59 Mumbai
92%
104 Sao Paulo
90%
165 Chicago
89%
171 Bangkok
87%
201 Mexico City
87%
89 Dubai
84%
149 Santiago
84%
649 Guangzhou
83%
564 Seoul
83%
241 Singapore
83%
66 Jakarta
81%
176 Riyadh
79%
208 Washington DC
79%
243 Istanbul
76%
59 Kolkata
76%
205 Kuala Lumpur
76%
225 Tehran
76%
60 Manila
70%
77 Bengaluru
63%
76 Doha
62%
192 San Francisco
59%
71 Hyderabad
57%
600 Chengdu
56%
68 Caracas
54%
107 Cairo
48%
No matching quizzes found
Score Distribution
Percent of People with Each Score
Percentile by Number Answered
Your Score History
You have not taken this quiz